000 00854nac a22002411u 4500
010 _a 00456383
020 _a0340719117 :
035 _a(OCoLC)ocm42912840
082 0 0 _a696.1077
_bSTE
090 _c9363
_d9363
100 _aStead, Kevin.
245 1 0 _aPlumbing /
_cKevin Stead.
260 _aLondon :
_bArnold,2000.
_cc2000.
300 _a184 p. :
_bill. ;
_c25 cm.
440 0 _aRevision and self-assessment series
500 _aDistributer: Al-Ahram
511 _aCatalogued by: Sara
650 0 _aPlumbing
_vProgrammed instruction.
650 0 _aPlumbing
_vProblems, exercises, etc.
856 4 2 _3Publisher description
_uhttp://www.loc.gov/catdir/description/els031/00456383.html
856 4 2 _3Table of contents
_uhttp://www.loc.gov/catdir/toc/els031/00456383.html
942 _cBB
_k696.1077STE
999 _c9363
_d9363